[Event "World Rapid 2025"]
[Site "Doha QAT"]
[Date "2025.12.27"]
[Round "8.89"]
[White "Vakhidov, Jakhongir"]
[Black "Rakotomaharo, Fy Antenaina"]
[Result "0-1"]
[WhiteTitle "GM"]
[BlackTitle "IM"]
[WhiteElo "2516"]
[BlackElo "2434"]
[WhiteFideId "14201801"]
[BlackFideId "13100050"]
[EventDate "2025.12.26"]

1. c4 e6 2. Nc3 d5 3. d4 Bb4 4. cxd5 exd5 5. Bf4 Nf6 6. e3 O-O 7. Bd3 c5 8. dxc5
Bxc3+ 9. bxc3 Nbd7 10. Bd6 Re8 11. Qb3 Ne4 12. Bxe4 dxe4 13. Qd5 Qa5 14. Ne2 Qa6
15. Nd4 Nf6 16. Qb3 Bd7 17. a4 Rec8 18. Be7 Ng4 19. Bd6 b6 20. c6 Bxc6 21. Nf5
Rd8 22. h3 Nf6 23. c4 Qa5+ 0-1

[Event "World Rapid 2025"]
[Site "Doha QAT"]
[Date "2025.12.27"]
[Round "8.90"]
[White "Aronian, Levon"]
[Black "Ansat, Aldiyar"]
[Result "1-0"]
[WhiteTitle "GM"]
[BlackTitle "IM"]
[WhiteElo "2729"]
[BlackElo "2479"]
[WhiteFideId "13300474"]
[BlackFideId "13715658"]
[EventDate "2025.12.26"]

1. e4 c5 2. Nf3 Nc6 3. Bb5 e6 4. Bxc6 bxc6 5. d3 Ne7 6. Qe2 f6 7. Nh4 d5 8. e5
fxe5 9. Qh5+ g6 10. Qxe5 Rg8 11. Qe2 Bg7 12. O-O Qd6 13. f4 c4 14. dxc4 Ba6 15.
Na3 O-O-O 16. c3 Nf5 17. Nf3 Kb8 18. g4 Qc5+ 19. Rf2 Nd6 20. b4 Qb6 21. Be3 Qc7
22. b5 cxb5 23. Nxb5 Qxc4 24. Bxa7+ Ka8 25. a4 Qxe2 26. Rxe2 Bxc3 27. Raa2 Ne4
28. Bd4 Ba5 29. Ng5 Rc8 30. Nxe4 dxe4 31. Rxe4 Rc1+ 32. Kf2 Bb7 33. Rxe6 Rgc8
34. Nd6 Bd5 35. Re5 R8c2+ 36. Rxc2 Rxc2+ 37. Kg3 Rg2+ 38. Kh3 Bd8 39. Rxd5 Rd2
40. Ne4 Rd3+ 41. Kg2 Bb6 42. Bxb6 Rxd5 43. a5 Kb7 44. Nf6 Rd2+ 45. Kg3 h6 46. f5
gxf5 47. gxf5 Kc6 48. h4 Ra2 49. Kg4 Kd6 50. Ne4+ Ke5 51. Ng3 Ra4+ 52. Kh5 Kf6
53. Bd8+ Kf7 54. Kxh6 Rg4 55. Nh5 Rg8 56. Bb6 Rg4 57. a6 Ra4 58. a7 Ra6 59. Kg5 1-0

[Event "World Rapid 2025"]
[Site "Doha QAT"]
[Date "2025.12.27"]
[Round "8.91"]
[White "Salem, A.R. Saleh"]
[Black "Bilguun, Sumiya"]
[Result "1/2-1/2"]
[WhiteTitle "GM"]
[BlackTitle "GM"]
[WhiteElo "2635"]
[BlackElo "2442"]
[WhiteFideId "9301348"]
[BlackFideId "4901541"]
[EventDate "2025.12.26"]

1. d4 e6 2. c4 f5 3. a3 Nf6 4. Nc3 b6 5. Nf3 Bb7 6. e3 Be7 7. Be2 O-O 8. O-O Ne4
9. Qc2 d6 10. b4 Nd7 11. Bb2 Rf6 12. d5 exd5 13. Nxd5 Rf7 14. Nd4 c6 15. Ne6 Qc8
16. Nxe7+ Rxe7 17. Nd4 Ne5 18. c5 bxc5 19. bxc5 dxc5 20. Nf3 Nxf3+ 21. gxf3 Ng5
22. Qxc5 Qf8 23. Rfd1 Ne6 24. Qe5 c5 25. Bc4 Rae8 26. Rd6 Qf7 27. Rad1 Qg6+ 28.
Qg3 Bxf3 29. Rxe6 Qxg3+ 30. fxg3 Rxe6 31. Rd7 a5 32. Kf2 Be4 33. Bxg7 h5 34. Ra7
Kh7 35. Bxe6 Rxe6 36. Bd4+ Kg6 37. Bxc5 Re8 38. Rxa5 Rd8 39. Ra6+ Kf7 40. Bb4
Rc8 41. Rd6 Rc1 42. h4 Rh1 43. Rd7+ Ke6 44. Rd6+ Ke5 45. Rd4 Ke6 46. Bd6 Bd5 47.
Bf4 Rh2+ 48. Ke1 Ra2 49. Rd3 Bf3 50. Rd6+ Kf7 51. Ra6 Be2 52. Ra5 Bg4 53. a4 Ke6
54. Re5+ Kd7 55. a5 Kc6 56. Bg5 Re2+ 57. Kf1 Ra2 58. Bd8 Kd6 59. Re8 Kd5 60. Bb6
Kc4 61. Rd8 Ra1+ 62. Kf2 Ra2+ 63. Ke1 Ra1+ 64. Kd2 Rd1+ 65. Kc2 Rxd8 66. Bxd8
Kb5 67. Kc3 Bh3 68. Kd4 Bg4 69. Kd5 Bf3+ 70. Kd6 Bg4 71. Bb6 Ka6 72. Kc5 Bf3 73.
Kb4 Bg4 74. Bd4 Bf3 75. Bc3 Bg4 76. Kc5 Bf3 77. Kd6 Bg4 78. Ke5 Kb5 79. e4 fxe4
80. Kxe4 Ka6 1/2-1/2

[Event "World Rapid 2025"]
[Site "Doha QAT"]
[Date "2025.12.27"]
[Round "8.92"]
[White "Svane, Rasmus"]
[Black "Xiao, Tong(QD)"]
[Result "1/2-1/2"]
[WhiteTitle "GM"]
[BlackTitle "GM"]
[WhiteElo "2608"]
[BlackElo "2555"]
[WhiteFideId "4657101"]
[BlackFideId "8622388"]
[EventDate "2025.12.26"]

1. Nf3 d5 2. g3 Bg4 3. Bg2 Nd7 4. h3 Bh5 5. d4 e6 6. O-O Ngf6 7. c4 c6 8. cxd5
exd5 9. Ne5 Bg6 10. Nc3 Bd6 11. f4 O-O 12. f5 Nxe5 13. dxe5 Bxe5 14. fxg6 hxg6
15. Qd3 Qb6+ 16. Kh2 Nh5 17. Rf3 Rfe8 18. Bd2 Re6 19. Raf1 Rae8 20. b3 f5 21.
Kh1 Bb8 22. Be1 Re3 23. Qd2 d4 24. Na4 Qd8 25. Rxe3 Rxe3 26. Rf3 Rxf3 27. Bxf3
Nxg3+ 28. Bxg3 Bxg3 29. e3 Qh4 30. Bg2 dxe3 31. Qxe3 Bf4 32. Qf3 Qe1+ 33. Bf1
Bd6 34. Qe2 Qg3 35. Nb2 Kh7 36. Qg2 Qe1 37. Nd3 Qe3 38. Qf2 Qe4+ 39. Qg2 Qe3 40.
Qe2 Qd4 41. Ne1 c5 42. Nf3 Qf4 43. h4 Bb8 44. Bg2 b6 45. a4 Bc7 46. Qc4 Qe3 47.
Qc2 Bd8 48. h5 Qf4 49. hxg6+ Kxg6 50. Qe2 Bc7 51. Qe8+ Kf6 52. Qf8+ Kg6 53. Qe8+
Kf6 54. Qf8+ Kg6 55. Qe8+ 1/2-1/2

[Event "World Rapid 2025"]
[Site "Doha QAT"]
[Date "2025.12.27"]
[Round "8.93"]
[White "Isanzhulov, Arystan"]
[Black "Maksimovic, Bojan"]
[Result "1-0"]
[WhiteTitle "IM"]
[BlackTitle "GM"]
[WhiteElo "2419"]
[BlackElo "2533"]
[WhiteFideId "13711644"]
[BlackFideId "14408120"]
[EventDate "2025.12.26"]

1. e4 e6 2. d3 d5 3. Qe2 Nc6 4. Nf3 e5 5. g3 Nf6 6. Bg2 dxe4 7. dxe4 Bc5 8. O-O
O-O 9. h3 Qe7 10. c3 a5 11. Re1 b6 12. Nh4 Re8 13. Nd2 Qf8 14. Nb3 Be7 15. Nf5
Be6 16. Nd2 Nd7 17. Ne3 Rad8 18. Nd5 Bd6 19. Nc4 Bxd5 20. exd5 Ne7 21. Nxd6 cxd6
22. Qb5 Nf5 23. h4 Qe7 24. Qd3 g6 25. b4 Rc8 26. h5 Rc7 27. Bd2 Rec8 28. a3 Ng7
29. h6 Nh5 30. g4 Nhf6 31. g5 Nh5 32. Bf3 Rc4 33. Re4 Rxe4 34. Qxe4 f6 35. gxf6
Nhxf6 36. Qh4 Kf8 37. Bg2 e4 38. Re1 Re8 39. Bg5 axb4 40. Rxe4 Qxe4 41. Bxe4
Rxe4 42. f4 b3 43. Qf2 Kf7 44. Qb2 Nc5 45. c4 Re1+ 46. Kg2 Nfe4 47. Qg7+ 1-0

[Event "World Rapid 2025"]
[Site "Doha QAT"]
[Date "2025.12.27"]
[Round "8.94"]
[White "Lobanov, Sergei"]
[Black "Akobian, Varuzhan"]
[Result "1/2-1/2"]
[WhiteTitle "GM"]
[BlackTitle "GM"]
[WhiteElo "2527"]
[BlackElo "2549"]
[WhiteFideId "24183750"]
[BlackFideId "13300580"]
[EventDate "2025.12.26"]

1. d4 e6 2. c4 d5 3. Nc3 c5 4. cxd5 exd5 5. Nf3 Nc6 6. dxc5 d4 7. Na4 Bxc5 8.
Nxc5 Qa5+ 9. Qd2 Qxc5 10. e3 dxe3 11. Qxe3+ Qxe3+ 12. Bxe3 Nge7 13. Bc4 O-O 14.
O-O Bg4 15. Nd4 Nxd4 16. Bxd4 Rfd8 17. Bc3 Rac8 18. Bb3 Be6 19. Rfe1 Bxb3 20.
Rxe7 1/2-1/2

[Event "World Rapid 2025"]
[Site "Doha QAT"]
[Date "2025.12.27"]
[Round "8.95"]
[White "Salinas Herrera, Pablo"]
[Black "Quparadze, Giga"]
[Result "1/2-1/2"]
[WhiteTitle "GM"]
[BlackTitle "GM"]
[WhiteElo "2473"]
[BlackElo "2502"]
[WhiteFideId "3407128"]
[BlackFideId "13602250"]
[EventDate "2025.12.26"]

1. e4 c5 2. Nf3 e6 3. c3 d5 4. exd5 Qxd5 5. d4 Nf6 6. Na3 Nc6 7. Be3 cxd4 8. Nb5
Qd7 9. Nbxd4 Bd6 10. Bd3 O-O 11. Qc2 e5 12. Bf5 Nxd4 13. Nxd4 Qe7 14. Nb5 Bc5
15. O-O-O Bxe3+ 16. fxe3 Qc5 17. Nd6 Qxe3+ 18. Kb1 Bxf5 19. Qxf5 Rad8 20. Rhe1
Qc5 21. Qxe5 Qxe5 22. Rxe5 Rd7 23. Rd4 h6 24. h3 a6 25. Kc2 Rb8 26. a4 Kf8 27.
a5 g6 28. b4 Ng8 29. Nf5 Rc7 30. Ne3 Ne7 31. Nd5 Nxd5 32. Rdxd5 Rbc8 33. Re3 h5
34. Kb3 Re7 35. Rxe7 Kxe7 36. c4 h4 37. b5 f5 38. Rd2 g5 39. Kb4 g4 40. Rd4 Rg8
41. Rf4 Ke6 42. Kc5 Ke5 43. Rf2 Rg6 44. hxg4 fxg4 45. Rf7 h3 46. gxh3 g3 47.
Rxb7 axb5 48. cxb5 Ke6 49. Rb6+ Kf5 50. Rxg6 Kxg6 51. a6 g2 52. b6 g1=Q+ 53. Kc6
Qg2+ 54. Kc7 Qg3+ 55. Kc6 Qf3+ 56. Kc7 Qf4+ 57. Kc8 Qf5+ 58. Kc7 Qe5+ 59. Kc8
Qb5 60. Kb7 Qd7+ 61. Kb8 Qc6 62. Ka7 Qc5 63. Kb7 Qd5+ 64. Kb8 Qd4 65. Kb7 Qe4+
66. Kb8 Qe3 67. Kb7 Qf3+ 68. Kb8 Qf4+ 69. Kb7 Qf7+ 70. Kb8 Qe8+ 71. Kb7 Qd7+ 72.
Kb8 Qc6 73. Ka7 Kf7 74. b7 Qc5+ 75. Ka8 Qd5 76. Ka7 Qd4+ 77. Ka8 Qe4 78. Ka7
Qd4+ 79. Ka8 Qd5 80. Ka7 Qc5+ 81. Ka8 Qc6 82. Ka7 1/2-1/2

[Event "World Rapid 2025"]
[Site "Doha QAT"]
[Date "2025.12.27"]
[Round "8.96"]
[White "Khubukshanov, Erdem"]
[Black "Ibarra Jerez, Jose Carlos"]
[Result "1-0"]
[WhiteTitle "IM"]
[BlackTitle "GM"]
[WhiteElo "2502"]
[BlackElo "2532"]
[WhiteFideId "54114527"]
[BlackFideId "2226332"]
[EventDate "2025.12.26"]

1. e4 c5 2. Nf3 Nc6 3. Bb5 e6 4. O-O Nd4 5. Nxd4 cxd4 6. d3 a6 7. Ba4 b5 8. Bb3
Bb7 9. Nd2 Qc7 10. a4 Bd6 11. Nf3 Bc5 12. Nh4 Ne7 13. f4 Ng6 14. Nf3 Ne7 15. f5
h6 16. Nh4 Bd6 17. Qh5 Qc5 18. axb5 g6 19. Qe2 g5 20. fxe6 dxe6 21. Nf3 axb5 22.
Rxa8+ Bxa8 23. Qf2 Nc6 24. Nxg5 Bxh2+ 25. Kh1 Nd8 26. Nxf7 Qh5 27. Qf3 Qh4 28.
Qh3 Qxh3 29. gxh3 Nxf7 30. Kxh2 Ke7 31. Bd2 Ne5 32. Bb4+ Kd7 33. Bc5 Rh7 34.
Bxd4 Nc6 35. Bc5 h5 36. Rf6 Nd8 37. Bb6 Bc6 38. Bxd8 Kxd8 39. Rxe6 Bd7 40. Rg6
h4 41. Be6 Bxe6 42. Rxe6 Rc7 43. c3 b4 44. Rd6+ Ke7 45. Rh6 Kf8 46. Rxh4 1-0

[Event "World Rapid 2025"]
[Site "Doha QAT"]
[Date "2025.12.27"]
[Round "8.69"]
[White "Shogdzhiev, Roman"]
[Black "Gavrilescu, David"]
[Result "0-1"]
[WhiteTitle "IM"]
[BlackTitle "GM"]
[WhiteElo "2403"]
[BlackElo "2542"]
[WhiteFideId "55653537"]
[BlackFideId "1227190"]
[EventDate "2025.12.26"]

1. e4 c5 2. Nf3 a6 3. c3 e6 4. d4 d5 5. exd5 exd5 6. Be2 c4 7. O-O Bd6 8. b3
cxb3 9. axb3 Ne7 10. Ba3 O-O 11. Bd3 Nbc6 12. Bxd6 Qxd6 13. Na3 Ng6 14. Nc2 Bd7
15. Bxg6 hxg6 16. Ne3 Ne7 17. c4 f6 18. Re1 g5 19. h3 Rad8 20. Qc2 Be8 21. Nf5
Nxf5 22. Qxf5 dxc4 23. bxc4 Bf7 24. Rac1 Rc8 25. d5 b5 26. cxb5 Rxc1 27. Rxc1
axb5 28. Nd4 b4 29. Ne6 Re8 30. Rb1 Rb8 31. h4 gxh4 32. Qg4 g5 33. Qf5 Qe5 34.
Qd3 Rc8 35. Qa6 Re8 36. Qc4 Rb8 37. Qd3 Ra8 38. Qc4 Bg6 39. Qxb4 Qxd5 40. Nc7
Qf5 41. Re1 Rd8 42. Qe7 Rd7 43. Qe6+ Qxe6 44. Nxe6 Bf5 45. Nc5 Rd5 46. Ne4 Kg7
47. Re3 g4 48. Nc3 Rd2 49. Ne2 Kh6 50. Nc3 Bd3 51. Ne4 Rd1+ 52. Kh2 f5 53. Nc3
Rd2 54. Re6+ Kg5 55. Rd6 Kf4 56. Rd4+ Ke5 57. Rd5+ Ke6 58. Rd4 Ke5 59. Rd5+ Kf4
60. Rd4+ Kg5 61. Rd5 Rxf2 62. Rxd3 h3 63. Rg3 Rc2 64. Nd5 f4 65. Rxh3 gxh3 66.
Kxh3 Rd2 67. Nb4 Rb2 68. Nd5 Rb5 69. Nc7 Re5 70. Na6 Re6 0-1

[Event "World Rapid 2025"]
[Site "Doha QAT"]
[Date "2025.12.27"]
[Round "8.70"]
[White "Puranik, Abhimanyu"]
[Black "Samunenkov, Ihor"]
[Result "1-0"]
[WhiteTitle "GM"]
[BlackTitle "GM"]
[WhiteElo "2622"]
[BlackElo "2584"]
[WhiteFideId "5061245"]
[BlackFideId "14187086"]
[EventDate "2025.12.26"]

1. e4 e5 2. Nf3 Nc6 3. Bc4 d6 4. Nc3 Na5 5. Bb5+ c6 6. Be2 c5 7. Bb5+ Nc6 8. a4
g6 9. d3 Bg7 10. Bc4 h6 11. O-O Nf6 12. Nd5 Nxd5 13. Bxd5 Ne7 14. Bc4 O-O 15. c3
Kh8 16. h3 f5 17. Re1 Bd7 18. Bd2 Rc8 19. Qe2 Qe8 20. a5 g5 21. exf5 Bxf5 22.
Rad1 Rd8 23. Bc1 g4 24. Nh4 gxh3 25. g3 d5 26. Ba2 Qa4 27. Bb1 Bg4 28. f3 Bh5
29. Bxh6 Bf6 30. Bg5 Nc6 31. Qe3 Rd6 32. Bxf6+ Rdxf6 33. Qg5 Bxf3 34. Nxf3 Rxf3
35. Qh6+ Kg8 36. d4 e4 37. Qg6+ Kh8 38. Qh5+ Kg7 39. Qxd5 Rxg3+ 40. Kh1 Rf6 41.
Qxe4 Qb3 42. dxc5 Rgg6 43. Rd7+ Kh8 44. Qh4+ Rh6 45. Re8+ 1-0

[Event "World Rapid 2025"]
[Site "Doha QAT"]
[Date "2025.12.27"]
[Round "8.71"]
[White "Averin, Nikolay"]
[Black "Nesterov, Arseniy"]
[Result "0-1"]
[WhiteTitle "FM"]
[BlackTitle "GM"]
[WhiteElo "2389"]
[BlackElo "2595"]
[WhiteFideId "24250473"]
[BlackFideId "24198455"]
[EventDate "2025.12.26"]

1. a3 d5 2. Nf3 g6 3. d4 Bg7 4. Bf4 c5 5. e3 Nc6 6. h3 Nf6 7. Be2 O-O 8. O-O Bf5
9. c3 Qb6 10. Ra2 Nd7 11. b4 cxd4 12. cxd4 Rac8 13. Nc3 Nf6 14. Na4 Qd8 15. Nc5
b6 16. Na4 Nb8 17. Ne5 Ne4 18. f3 Nd6 19. Qe1 f6 20. Nd3 Nc4 21. Qg3 Nd7 22. h4
Qe8 23. e4 dxe4 24. Ndc5 Nxc5 25. Nxc5 Nd6 26. Bxd6 exd6 27. fxe4 Bxe4 28. Nxe4
Qxe4 29. Qxd6 Qxh4 30. Bf3 f5 31. Rd1 Rcd8 32. Qh2 Bxd4+ 33. Kh1 Qf6 34. Rad2
Be5 35. Qh6 Rxd2 36. Rxd2 Rd8 37. Rc2 Qd6 38. Qc1 Bf4 39. Qe1 Bg3 40. Qe3 Kg7
41. Rc1 Qf6 42. Kg1 Be5 43. Kf1 Rd7 44. Re1 Bg3 45. Rd1 Re7 46. Qg1 Qe5 0-1

[Event "World Rapid 2025"]
[Site "Doha QAT"]
[Date "2025.12.27"]
[Round "8.72"]
[White "Bai, Adelard"]
[Black "Droin, Augustin"]
[Result "1-0"]
[WhiteTitle "IM"]
[BlackTitle "IM"]
[WhiteElo "2417"]
[BlackElo "2480"]
[WhiteFideId "16301188"]
[BlackFideId "45105987"]
[EventDate "2025.12.26"]

1. d4 d5 2. c4 e6 3. Nc3 Nf6 4. cxd5 exd5 5. Bf4 c6 6. e3 Be7 7. Bd3 a5 8. Nf3
Na6 9. O-O O-O 10. h3 Nc7 11. Ne5 Ne6 12. Bh2 Nd7 13. f4 f5 14. Nxd7 Bxd7 15. g4
fxg4 16. hxg4 Bd6 17. Qf3 Qe7 18. Rae1 Rae8 19. Re2 b5 20. Qg2 Rf7 21. Nb1 c5
22. Qxd5 Nc7 23. Qg2 Qh4 24. f5 Bxh2+ 25. Qxh2 Qxh2+ 26. Kxh2 Nd5 27. dxc5 Nxe3
28. Rf4 g5 29. Rd4 h5 30. gxh5 Bxf5 31. Bxb5 Re5 32. Nc3 Rfe7 33. c6 Kg7 34. Kg1
g4 35. Kf2 Bc8 36. Kg1 g3 37. Rd8 Bg4 38. Rxe3 Rxe3 39. Nd5 Re1+ 40. Kg2 R7e5
41. Kxg3 Be6 42. c7 Rg5+ 43. Kf2 Rc1 44. Nc3 Rc5 45. h6+ Kh7 1-0

[Event "World Rapid 2025"]
[Site "Doha QAT"]
[Date "2025.12.27"]
[Round "8.73"]
[White "Ohanyan, Emin"]
[Black "Vokhidov, Shamsiddin"]
[Result "1/2-1/2"]
[WhiteTitle "GM"]
[BlackTitle "GM"]
[WhiteElo "2493"]
[BlackElo "2641"]
[WhiteFideId "13312022"]
[BlackFideId "14204223"]
[EventDate "2025.12.26"]

1. d4 Nf6 2. Nf3 d5 3. c4 e6 4. Nc3 Bb4 5. Bg5 h6 6. Bxf6 Qxf6 7. e3 O-O 8. Rc1
dxc4 9. Bxc4 c5 10. O-O cxd4 11. Ne4 Qe7 12. Nxd4 Bd7 13. Be2 Nc6 14. a3 Ba5 15.
Nb3 Bb6 16. Qd6 Rfe8 17. Rfd1 Rad8 18. Qxe7 Rxe7 19. Nd6 Be8 20. Nxe8 Rexe8 21.
Nc5 Bxc5 22. Rxc5 Rxd1+ 23. Bxd1 Rd8 24. Bf3 Rd2 25. b4 Ra2 26. h4 Rxa3 27. Bxc6
bxc6 28. Rxc6 Rb3 29. Rc8+ Kh7 30. Rc7 Kg6 31. Rxa7 Rxb4 32. g3 1/2-1/2

[Event "World Rapid 2025"]
[Site "Doha QAT"]
[Date "2025.12.27"]
[Round "8.74"]
[White "Gaehwiler, Gabriel"]
[Black "Sahidi, Samir"]
[Result "0-1"]
[WhiteTitle "IM"]
[BlackTitle "IM"]
[WhiteElo "2382"]
[BlackElo "2516"]
[WhiteFideId "1314530"]
[BlackFideId "14936372"]
[EventDate "2025.12.26"]

1. Nf3 d5 2. c4 d4 3. e3 c5 4. b4 dxe3 5. fxe3 cxb4 6. d4 Nf6 7. Bd3 g6 8. O-O
Bg7 9. Qa4+ Bd7 10. Qxb4 Nc6 11. Qe1 O-O 12. Bb2 Rc8 13. Na3 Qa5 14. c5 b6 15.
cxb6 Qxe1 16. Rfxe1 axb6 17. Ba6 Ra8 18. Bb5 Nb4 19. Bc4 Ne4 20. Rec1 Bh6 21.
Kf1 Nd6 22. Ke2 Nxc4 23. Nxc4 Nxa2 24. Rcb1 Bb5 25. Nd2 Rfc8 0-1

[Event "World Rapid 2025"]
[Site "Doha QAT"]
[Date "2025.12.27"]
[Round "8.75"]
[White "George Samir, David"]
[Black "Kobalia, Mikhail"]
[Result "1-0"]
[WhiteTitle "IM"]
[BlackTitle "GM"]
[WhiteElo "2343"]
[BlackElo "2537"]
[WhiteFideId "10657789"]
[BlackFideId "4119150"]
[EventDate "2025.12.26"]

1. e4 e5 2. Nf3 Nc6 3. Bb5 g6 4. d4 exd4 5. c3 d3 6. Qxd3 Bg7 7. O-O Nge7 8. Be3
O-O 9. Nbd2 d6 10. Nd4 Ne5 11. Qc2 f5 12. Bg5 h6 13. Bxe7 Qxe7 14. exf5 c6 15.
Ba4 gxf5 16. f4 Nf7 17. Rae1 Qf6 18. N2f3 Bd7 19. Qd3 Rae8 20. Bc2 Rxe1 21. Rxe1
Nd8 22. g4 Ne6 23. Nxe6 Bxe6 24. Nd4 Bd7 25. Nxf5 Bxf5 26. Qxf5 Qxf5 27. Bxf5 d5
28. Re7 d4 29. cxd4 Rd8 30. Rxb7 Rxd4 31. Be6+ Kh7 32. f5 Rxg4+ 33. Kf2 h5 34.
Ke3 Rg1 35. Rxa7 Kh6 36. b3 Rg2 37. Ra6 Bf6 38. a4 Rxh2 39. Rxc6 h4 40. a5 Ra2
41. a6 h3 42. Bd5 Kg5 43. b4 h2 44. b5 Ra5 45. Rb6 Be7 46. Rb7 Bc5+ 47. Kd3 Ra4
48. Bc6 Kh6 49. f6 Rd4+ 50. Kc3 Rf4 51. f7 Rf6 52. Be4 Re6 53. a7 Rxe4 54. a8=Q 1-0

[Event "World Rapid 2025"]
[Site "Doha QAT"]
[Date "2025.12.27"]
[Round "8.76"]
[White "Tran, Thanh Tu"]
[Black "Lodici, Lorenzo"]
[Result "1/2-1/2"]
[WhiteTitle "IM"]
[BlackTitle "GM"]
[WhiteElo "2402"]
[BlackElo "2590"]
[WhiteFideId "12401404"]
[BlackFideId "884189"]
[EventDate "2025.12.26"]

1. d4 Nf6 2. Nf3 b6 3. Bf4 Bb7 4. e3 g6 5. h3 Bg7 6. Nbd2 d6 7. c3 Nbd7 8. Be2
O-O 9. O-O Re8 10. Bh2 Ne4 11. a4 e5 12. a5 Nxd2 13. Nxd2 Rb8 14. axb6 axb6 15.
Bf3 d5 16. Ra7 Qc8 17. Qb3 c6 18. e4 exd4 19. exd5 Be5 20. cxd4 Bxh2+ 21. Kxh2
cxd5 22. Bxd5 Qc7+ 23. g3 Bxd5 24. Rxc7 Bxb3 25. Nxb3 Nf6 26. Rd1 Re2 27. Rd2
Rbe8 28. Rcc2 Rxd2 29. Rxd2 Rc8 30. Kg2 Kf8 31. Na1 Nd5 32. Nc2 Ke7 33. Ne3 Nb4
34. d5 Kd6 35. Kf3 b5 36. g4 f6 37. Ke4 Rc1 38. h4 Na6 39. h5 Nc5+ 40. Kf3 Nd7
41. hxg6 hxg6 42. Ke4 Ne5 43. b3 Nd7 44. Ra2 Nc5+ 45. Kf3 Rb1 46. Ra8 Rxb3 47.
g5 fxg5 48. Rg8 Nd3 49. Rxg6+ Kc5 50. Rxg5 Rb2 51. d6+ Kc6 52. Nf5 Ne5+ 53. Ke4
Re2+ 54. Ne3 Nf7 55. Rg6 Rxf2 56. Nf5 Rd2 57. Nd4+ Kb6 58. Rf6 Nd8 59. Rf5 Rb2
60. Kd5 Rd2 61. Ke4 Rb2 62. Kd5 Rd2 63. Ke4 Rb2 64. Rxb5+ Rxb5 65. Nxb5 Kxb5 66.
d7 Kc6 1/2-1/2

[Event "World Rapid 2025"]
[Site "Doha QAT"]
[Date "2025.12.27"]
[Round "8.97"]
[White "Halkias, Stelios"]
[Black "Sankalp, Gupta"]
[Result "0-1"]
[WhiteTitle "GM"]
[BlackTitle "GM"]
[WhiteElo "2503"]
[BlackElo "2557"]
[WhiteFideId "4201809"]
[BlackFideId "5097010"]
[EventDate "2025.12.26"]

1. Nf3 d5 2. d4 Nf6 3. c4 e6 4. g3 Be7 5. Bg2 O-O 6. O-O a5 7. Qc2 Nc6 8. a3 a4
9. Nbd2 Bd7 10. Rd1 Na5 11. Ne5 Be8 12. Rb1 c6 13. e4 b5 14. c5 Nd7 15. Nd3 Kh8
16. Re1 dxe4 17. Nxe4 Nf6 18. Be3 Nd5 19. Rbd1 Nxe3 20. fxe3 f6 21. Qc3 Bf7 22.
Nf4 Re8 23. Nf2 Qc7 24. N2d3 Bf8 25. Nb4 e5 26. Nfd3 e4 27. Nf4 Nc4 28. Rf1 Rad8
29. Rde1 Kg8 30. Qc2 f5 31. Rf2 g6 32. h4 Bg7 33. Bf1 Nxe3 34. Rxe3 Bxd4 35. Qc1
Re5 36. Rc3 Bb3 37. Be2 Qd7 38. Kg2 Bxc3 39. Qxc3 Re7 40. Rf1 Qe8 41. Qe3 Re5
42. Rc1 Rc8 43. Bd1 Bf7 44. b3 axb3 45. Bxb3 Re7 46. Rd1 Bxb3 47. Qxb3+ Qf7 48.
Qc3 e3 49. Kf3 e2 50. Nxe2 g5 51. Kf2 Rce8 52. Rd2 f4 53. gxf4 Qh5 54. Qb3+ Kf8
55. Qf3 Qxh4+ 56. Kf1 Re3 57. Qxc6 gxf4 58. Qd6+ Kg8 59. Qd5+ Kg7 60. Qd4+ R8e5
61. Qd7+ Re7 62. Qd4+ R7e5 63. Qd7+ Re7 64. Qd4+ Kg8 65. Qd8+ Kf7 66. Qd5+ R7e6
67. Nd3 0-1

[Event "World Rapid 2025"]
[Site "Doha QAT"]
[Date "2025.12.27"]
[Round "8.98"]
[White "Fandi, Mazen"]
[Black "Materia, Marco"]
[Result "0-1"]
[WhiteTitle "FM"]
[BlackTitle "IM"]
[WhiteElo "2304"]
[BlackElo "2497"]
[WhiteFideId "7611625"]
[BlackFideId "45150451"]
[EventDate "2025.12.26"]

1. e4 c5 2. Nf3 e6 3. d4 cxd4 4. Nxd4 Nc6 5. c4 Qb6 6. Nb3 Nf6 7. Be3 Qc7 8.
N1d2 d5 9. exd5 exd5 10. Be2 Bd6 11. cxd5 Nxd5 12. Nc4 Bb4+ 13. Bd2 O-O 14. O-O
Rd8 15. Rc1 Nf4 16. Bf3 Be6 17. Bxf4 Qxf4 18. Qe2 Rac8 19. Qe3 Qxe3 20. Nxe3 Kf8
21. Bxc6 bxc6 22. Rfd1 Rxd1+ 23. Rxd1 Be7 24. Na5 Bxa2 25. b3 Bb4 26. Nec4 c5
27. Ra1 Re8 28. Kf1 Bc3 29. Rc1 Bf6 30. Nd6 Rb8 31. Rxc5 Be7 32. Rc8+ Rxc8 33.
Nxc8 Bc5 34. Nb7 Bd4 35. Na5 Bc3 36. Nc6 a5 37. Ke2 Bxb3 38. Kd3 Be1 39. Ke2 Ba4
40. N8a7 Bb4 41. Nxb4 axb4 42. Kd3 Ke7 43. Nc8+ Ke6 44. Kc4 b3 45. Kc3 Bc6 46.
g3 Bd5 47. f4 Kf5 48. Nd6+ Kg4 49. Ne8 Kh3 50. Nxg7 Kxh2 51. Nh5 Bf3 52. Nf6 h5
53. Kxb3 Kxg3 0-1

[Event "World Rapid 2025"]
[Site "Doha QAT"]
[Date "2025.12.27"]
[Round "8.99"]
[White "Berend, Fred"]
[Black "Drygalov, Sergey"]
[Result "0-1"]
[WhiteTitle "IM"]
[BlackTitle "GM"]
[WhiteElo "2213"]
[BlackElo "2571"]
[WhiteFideId "4000102"]
[BlackFideId "24171743"]
[EventDate "2025.12.26"]

1. e4 c5 2. Nf3 d6 3. d4 cxd4 4. Nxd4 Nf6 5. Nc3 a6 6. Rg1 h5 7. h3 h4 8. Bg5 e6
9. Qd2 Nbd7 10. O-O-O b5 11. a3 Bb7 12. Bd3 Be7 13. Nf3 Nh5 14. Rge1 Ne5 15.
Bxe7 Qxe7 16. Be2 Rd8 17. Ng5 Ng6 18. Bg4 Nhf4 19. g3 hxg3 20. fxg3 Qxg5 21.
gxf4 Qxf4 22. Re3 Ne5 23. Be2 Qg5 24. b3 O-O 25. Kb2 Ng6 26. Qc1 Qe5 27. Rg1 Rc8
28. Rgg3 a5 29. Kb1 b4 30. Na4 Bxe4 31. Bd3 Bxd3 32. Rxe5 Bxc2+ 33. Kb2 Nxe5 34.
Nb6 Rc5 35. Qg1 Bg6 36. axb4 axb4 37. Nc4 Nxc4+ 38. bxc4 Rxc4 39. Qe3 Rc2+ 40.
Kb3 Rc3+ 0-1

[Event "World Rapid 2025"]
[Site "Doha QAT"]
[Date "2025.12.27"]
[Round "8.100"]
[White "Assylov, Miras"]
[Black "Rodrigue-Lemieux, Shawn"]
[Result "0-1"]
[WhiteTitle "FM"]
[BlackTitle "GM"]
[WhiteElo "2393"]
[BlackElo "2517"]
[WhiteFideId "13728873"]
[BlackFideId "2620049"]
[EventDate "2025.12.26"]

1. e4 c5 2. Nf3 e6 3. d4 cxd4 4. Nxd4 Nc6 5. Nc3 Bc5 6. Nb3 Bb4 7. Bd2 Nf6 8. a3
Be7 9. g4 d5 10. exd5 exd5 11. g5 Ne4 12. Nxe4 dxe4 13. Qe2 O-O 14. O-O-O Bxg5
15. Qxe4 Re8 16. Bxg5 Qxd1+ 17. Kxd1 Rxe4 18. Be3 Bg4+ 19. Kc1 Bf3 20. Rg1 Rg4
21. Rxg4 Bxg4 22. Bg2 Rd8 23. c3 Ne5 24. Bxb7 Nd3+ 25. Kb1 Bf5 26. Ka1 Nxf2 27.
a4 Ng4 28. Bxa7 Be6 29. Bb6 Rd6 30. Bc5 Rd7 31. Bc6 Rd1+ 32. Ka2 Ne5 33. Bb5 f5
34. Ka3 f4 35. Nd4 Bd5 36. Nf5 Kf7 37. a5 g6 38. Ne7 Bc4 39. Kb4 Bxb5 40. Kxb5
Nd7 41. Nc6 Rd5 42. b4 f3 43. c4 f2 44. a6 f1=Q 45. a7 Nxc5 46. a8=Q Nd7+ 47.
Ka6 Qxc4+ 48. Kb7 Rb5+ 49. Kc7 Nb8 50. Qa7 0-1